Saartha Sriganeshgeetaa (Record no. 355569)

MARC details
000 -LEADER
fixed length control field 004470000a22001930004500
005 - DATE AND TIME OF LATEST TRANSACTION
control field 20120302062028.0
040 ## - CATALOGING SOURCE
Original cataloging agency M.S
100 ## - MAIN ENTRY--PERSONAL NAME
Personal name Devdhar,Dattatreya Raghunathashastri
245 ## - TITLE STATEMENT
Title Saartha Sriganeshgeetaa
250 ## - EDITION STATEMENT
Edition statement 1
260 ## - PUBLICATION, DISTRIBUTION, ETC. (IMPRINT)
Place of publication, distribution, etc Vasai:Vinayak Rango Phadake,1950.
300 ## - PHYSICAL DESCRIPTION
Extent 128p.
650 ## - SUBJECT ADDED ENTRY--TOPICAL TERM
Topical term or geographic name as entry element Adhyaatma
650 ## - SUBJECT ADDED ENTRY--TOPICAL TERM
Topical term or geographic name as entry element Dharmika Grantha
650 ## - SUBJECT ADDED ENTRY--TOPICAL TERM
Topical term or geographic name as entry element Shloka
650 ## - SUBJECT ADDED ENTRY--TOPICAL TERM
Topical term or geographic name as entry element Aaryaa
650 ## - SUBJECT ADDED ENTRY--TOPICAL TERM
Topical term or geographic name as entry element Ganeshgeetaa
942 ## - ADDED ENTRY ELEMENTS (KOHA)
Koha item type Book
Holdings
Withdrawn status Lost status Damaged status Not for loan Home library Current library Date acquired Total Checkouts Barcode Date last seen Price effective from
        Institute For Oriental Study, Thane Institute For Oriental Study, Thane 12/02/2009   IOS-16629 12/02/2009 12/02/2009